Southville International School and Colleges
Your cart is empty.
  • Cart
  • Lists
    Public lists Eva Luna New books Lux_list list_1
    Your lists Log in to create your own lists
  • Log in to your account
  • Your cookies
  • Search history
Southville International School and Colleges
  • Advanced search
  • Recent comments
  • Most popular
  • Libraries

Log in to your account

Log in with GOOGLE


If you do not have an external account, but do have a local account, you can still log in:

  1. Home
  2. MARC view: Doctor Faustus :
Normal view MARC view ISBD view

Doctor Faustus : (Record no. 283823)

[ view plain ]
MARC details
000 -LEADER
fixed length control field 01509cam a2200373 a 4500
001 - CONTROL NUMBER
control field 2017148
003 - CONTROL NUMBER IDENTIFIER
control field PILC
005 - DATE AND TIME OF LATEST TRANSACTION
control field 20150505090218.0
008 - FIXED-LENGTH DATA ELEMENTS--GENERAL INFORMATION
fixed length control field 910703r19921948nyu 000 1 eng
010 ## - LIBRARY OF CONGRESS CONTROL NUMBER
LC control number 91058079
020 ## - INTERNATIONAL STANDARD BOOK NUMBER
International Standard Book Number 067973905X
040 ## - CATALOGING SOURCE
Original cataloging agency DLC
Transcribing agency DLC
Modifying agency DLC
-- OCoLC
-- DLC
041 1# - LANGUAGE CODE
Language code of text/sound track or separate title eng
Language code of original and/or intermediate translations of text ger
043 ## - GEOGRAPHIC AREA CODE
Geographic area code e-gx---
050 00 - LIBRARY OF CONGRESS CALL NUMBER
Classification number PT 2625.A44
Item number D63 1992
082 00 - DEWEY DECIMAL CLASSIFICATION NUMBER
Classification number 833/.912
100 1# - MAIN ENTRY--PERSONAL NAME
Personal name Mann, Thomas.
Dates associated with a name 1875-1955.
240 10 - UNIFORM TITLE
Uniform title <a href="Doktor Faustus.">Doktor Faustus.</a>
Language of a work English
245 10 - TITLE STATEMENT
Title Doctor Faustus :
Remainder of title the life of the German composer, Adrian Leverkühn, as told by a friend /
Statement of responsibility, etc Thomas Mann ; translated from the German by H.T. Lowe-Porter.
250 ## - EDITION STATEMENT
Edition statement 1st Vintage International ed.
260 ## - PUBLICATION, DISTRIBUTION, ETC. (IMPRINT)
Place of publication, distribution, etc New York :
Name of publisher, distributor, etc Vintage International,
Date of publication, distribution, etc 1992.
300 ## - PHYSICAL DESCRIPTION
Extent vi, 510 pages ;
Dimensions 21 cm.
651 #0 - SUBJECT ADDED ENTRY--GEOGRAPHIC NAME
Geographic name Germany
General subdivision History
Chronological subdivision 1789-1900
General subdivision Fiction.
651 #0 - SUBJECT ADDED ENTRY--GEOGRAPHIC NAME
Geographic name Germany
General subdivision History
Chronological subdivision 20th century
General subdivision Fiction.
655 #7 - INDEX TERM--GENRE/FORM
Genre/form data or focus term Allegories.
Source of term gsafd
655 #7 - INDEX TERM--GENRE/FORM
Genre/form data or focus term Political fiction.
Source of term lcsh
655 #7 - INDEX TERM--GENRE/FORM
Genre/form data or focus term Historical fiction.
Source of term gsafd
700 2# - ADDED ENTRY--PERSONAL NAME
Personal name Lowe-Porter, H. T.
Fuller form of name (Helen Tracy),
Dates associated with a name 1876-1963.
856 42 - ELECTRONIC LOCATION AND ACCESS
Materials specified Contributor biographical information
Uniform Resource Identifier <a href="http://www.loc.gov/catdir/bios/random056/91058079.html">http://www.loc.gov/catdir/bios/random056/91058079.html</a>
856 42 - ELECTRONIC LOCATION AND ACCESS
Materials specified Publisher description
Uniform Resource Identifier <a href="http://www.loc.gov/catdir/description/random046/91058079.html">http://www.loc.gov/catdir/description/random046/91058079.html</a>
906 ## - LOCAL DATA ELEMENT F, LDF (RLIN)
a 7
b cbc
c orignew
d 1
e ocip
f 19
g y-gencatlg
942 ## - ADDED ENTRY ELEMENTS (KOHA)
Source of classification or shelving scheme Library of Congress Classification
Koha item type Books
Holdings
Withdrawn status Lost status Source of classification or shelving scheme Damaged status Home library Current library Shelving location Date acquired Source of acquisition Sub Shelving location Total Checkouts Full call number Barcode Date last seen Price effective from Koha item type
    Library of Congress Classification   Southville International School Affiliated with Foreign Universities Library Southville International School Affiliated with Foreign Universities Library Southville Foreign University Section 05/05/2015 Library Fund     PT 2625.A44 D63 1992 SFU1848 05/15/2018 05/05/2015 Books

Doctor Faustus :

APA

Mann T., Lowe-Porter H. T., . (1992). Doctor Faustus. New York: Vintage International.

Chicago

Mann Thomas, Lowe-Porter H T, . 1992. Doctor Faustus. New York: Vintage International.

Harvard

Mann T., Lowe-Porter H. T., . (1992). Doctor Faustus. New York: Vintage International.

MLA

Mann Thomas, Lowe-Porter H T, . Doctor Faustus. New York: Vintage International. 1992.

  • Place hold
  • Print
  • Cite
  • Add to your cart (remove)
  • Save record
    BIBTEX Dublin Core MARCXML MARC (non-Unicode/MARC-8) MARC (Unicode/UTF-8) MARC (Unicode/UTF-8, Standard) MODS (XML) RIS
  • More searches
    Search for this title in:
    Other Libraries (WorldCat) Other Databases (Google Scholar) Online Stores (Bookfinder.com) Open Library (openlibrary.org)

Exporting to Dublin Core...

SOUTHVILLE LIBRARY

Southville International School and Colleges Library

1281 Tropical Ave. Cor. Luxembourg St., BF Homes International, Las Pinas City

Tel. No. 8256374 / 252358 Loc. 117/146

Powered by Koha